Дело об определении, увольнении и перемещении лиц ведомства Московской дворцовой конторы. Тут же о назначении инспектору садов П...

Доступно только в Электронных читальных залах Найти на картеНа карте
RUSMARC
00003655nmc2a22002413x 450
00195295ccf-b9a9-4b11-a504-bc49af18b3f5
00520241228001712.0
100##$a20240830l18621862k l0rusy0189 ca
1010#$arus
102##$aRU
105##$ay###
1222#$ad
2001#$aДело об определении, увольнении и перемещении лиц ведомства Московской дворцовой конторы. Тут же о назначении инспектору садов Пельцелю пенсиона, а после его смерти вдове Пельцеля
$j29 января - 19 декабря 1862 г.
215##$a43 л.
$d36,5х26 см
251##$cДело
300##$aДело
371##$aДокумент не является опубликованным и широко распространяемым
461#0$100108cd6ec2-be9a-457f-a0b6-fa449e506316
$12001
$aКанцелярия Министерства Императорского двора
$1251
$cФонд
$1852
$j472
462#0$10015265e818-b7f3-4da1-9e39-1aec072863ce
$12001
$aКанцелярия Министерства Императорского двора
$1251
$cОпись
$1852
$j9
801#0$aRU
$bРГИА
$c20240830
$gRCR
801#1$aRU
$bГлавНИВЦ
$c20240830
$2rusmarc
801#2$aRU
$bПБ им. Б.Н. Ельцина
$c20241228
$gRCR
$2rusmarc
850##$aРГИА
852##$aРГИА
$eФедеральное казенное учреждение "Российский государственный исторический архив" (РГИА)
$j305
937##$hРГИА
$d12412566
$aASBIBLIO_SCAN
035##$aRusGRCC00081406
856##$uhttp://readingroom.main.prlib.ru/item.aspx?id_node=n195710544&mode=full
Формат отображения